000 00467nam a2200133Ia 4500
008 220620s9999||||xx |||||||||||||| ||und||
022 _a22555137
100 _aGrau, Luis
245 3 _aAn American Constitutional History Course for Non-American Students
546 _aEnglish[eng]
650 _aLaw||United States||Constitucionalismo||Estados Unidos
856 _uhttp://e-archivo.uc3m.es/bitstream/handle/10016/16023/american_grau_2012.pdf?sequence=1
942 _cEB
999 _c34529
_d34529